Países que parecen Pollos - Estadísticas

Estadísticas generales
  • Esta prueba ha sido intentada 26 veces
  • La puntuación promedio es 4 de 9
Estadísticas de respuestas
Imagen Hint Respuesta % Correcto
Gallina China
100%
Alita de pollo Austria
50%
Gallina Camerún
45%
Gallina Pakistán
45%
Alita de pollo Benín
41%
Gallina Eslovenia
32%
Alita de pollo (estado de EEUU) Kentucky
32%
Alita de pollo Armenia
27%
Alita de pollo Líbano
27%
No se encontraron pruebas coincidentes
Distribución de puntuación
Porcentaje de gente con cada puntuación
Porcentaje por número respondido
Historial de tus puntuaciones
No has intentado esta prueba.